Kaart van België - Statistieken

Algemene statistieken
  • Deze quiz is 110 keer genomen
  • De gemiddelde score is 10 van 11
Antwoorden op de kaart
Antwoorden kleurgecodeerd door een groen-rode schaal op de quizkaart volgens % correct hieronder.
 
Antwoordstatistieken
Antwoord % Correct
Antwerpen
94%
Oost-Vlaanderen
91%
Vlaams-Brabant
91%
West-Vlaanderen
91%
Brussel
90%
Limburg
88%
Waals-Brabant
88%
Henegouwen
86%
Luik
86%
Luxemburg
83%
Namen
82%
Geen overeenkomende quizzen gevonden
Scoreverdeling
Procent van Mensen met Elke Score
Percentiel versus Aantal Correcte Antwoorden
Uw Scoregeschiedenis
U heeft deze quiz nog niet genomen